Dzielnice Warszawy według dwóch pierwszych liter (z mapą) - Statystyki

Ogólne statystyki
  • Ten quiz został rozwiązany 53 razy
  • Średni wynik to 15 z 18
Odpowiedzi na mapie
Odpowiedzi zakodowano w zielono-czerwonej skali na mapie do tego quizu, zgodnie z poniższymi procentami.
 
Statystyki odpowiedzi
Dzielnica % Poprawnych
Praga-Północ
100%
Praga-Południe
100%
Mokotów
93%
Śródmieście
91%
Wilanów
91%
Ursus
89%
Ursynów
89%
Białołęka
87%
Bielany
87%
Wawer
87%
Żoliborz
87%
Bemowo
85%
Wola
83%
Włochy
80%
Wesoła
76%
Ochota
72%
Rembertów
72%
Targówek
72%
Nie znaleziono quizów pasujących do podanych kryteriów
Rozkład punktacji
Procent ludzi z każdym wynikiem
Percentyl według liczby udzielonych odpowiedzi
Twoja historia wyników
Nie rozwiązałeś tego quizu